000 00729nam a2200241Ia 4500
003 OSt
005 20220923224906.0
006 a|||||r|||| 00| 0
007 ta
008 220922b |||||||| |||| 00| 0 hin d
024 _a253,262
037 _cTextual
040 _aARTS
_cARTS
_bhin
041 _2hin
_ahin
082 _aO152,3N387x, P6
100 _aनिदा फ़ाज़ली
245 0 _aतमाशा मेरे आगे
246 _aTamāshā mere āge
260 _aनयी दिल्ली
_b वाणी प्रकाशन
_c2006
300 _a144पृ.
_ccm.
942 _hO152,3N387x, P6
_cTEXL
_2CC
999 _c374447
_d374447